| 000 | 00412pab a2200169 454500 | ||
|---|---|---|---|
| 008 | 180718b2000/2008 xxu||||| |||| 00| 0 eng d | ||
| 100 | _aChu, Hong-Yih | ||
| 245 | _aA brief note on tax evasion and tax collection | ||
| 260 | _c2000/2008 | ||
| 300 | _ap.82-85. | ||
| 650 | _aTax evasion | ||
| 650 | _aIncome tax | ||
| 700 | _aKam, Tai-Yung | ||
| 773 | _aPublic Finance | ||
| 908 | _aN | ||
| 909 | _a80401 | ||
| 999 |
_c80401 _d80401 |
||